Microwave circuit design : (Record no. 588487)

000 -LEADER
fixed length control field 01142cam a2200349 i 4500
001 - CONTROL NUMBER
control field 18516296
003 - CONTROL NUMBER IDENTIFIER
control field NUST
005 - DATE AND TIME OF LATEST TRANSACTION
control field 20220301144311.0
008 - FIXED-LENGTH DATA ELEMENTS--GENERAL INFORMATION
fixed length control field 150305s2015 nyua b 001 0 eng
010 ## - LIBRARY OF CONGRESS CONTROL NUMBER
LC control number 2015004174
020 ## - INTERNATIONAL STANDARD BOOK NUMBER
International Standard Book Number 9780134086781 (hardcover : alk. paper)
020 ## - INTERNATIONAL STANDARD BOOK NUMBER
Canceled/invalid ISBN 0134086783
038 ## - RECORD CONTENT LICENSOR
Staff Name waseem
040 ## - CATALOGING SOURCE
Original cataloging agency DLC
Language of cataloging eng
Transcribing agency DLC
Description conventions rda
Modifying agency DLC
042 ## - AUTHENTICATION CODE
Authentication code pcc
050 00 - LIBRARY OF CONGRESS CALL NUMBER
Classification number TK7876
Item number .Y46 2015
082 00 - DEWEY DECIMAL CLASSIFICATION NUMBER
Classification number 621.38132
Author Mark YEO
100 1# - MAIN ENTRY--PERSONAL NAME
Personal name Yeom, Kyung-Whan.
9 (RLIN) 90083
245 10 - TITLE STATEMENT
Title Microwave circuit design :
Remainder of title a practical approach using ADS /
Statement of responsibility, etc. Kyung-Whan Yeom.
264 #1 - PRODUCTION, PUBLICATION, DISTRIBUTION, MANUFACTURE, AND COPYRIGHT NOTICE
Place of production, publication, distribution, manufacture New York :
Name of producer, publisher, distributor, manufacturer Prentice Hall,
Date of production, publication, distribution, manufacture, or copyright notice 2015.
300 ## - PHYSICAL DESCRIPTION
Extent xvii, 780 pages :
Other physical details illustrations ;
Dimensions 27 cm
336 ## - CONTENT TYPE
Content type term text
Source rdacontent
337 ## - MEDIA TYPE
Media type term unmediated
Source rdamedia
338 ## - CARRIER TYPE
Carrier type term volume
Source rdacarrier
500 ## - GENERAL NOTE
General note Includes index.
563 ## - BINDING INFORMATION
Binding note HBK.
630 00 - SUBJECT ADDED ENTRY--UNIFORM TITLE
Uniform title Advanced design system.
9 (RLIN) 90084
650 #0 - SUBJECT ADDED ENTRY--TOPICAL TERM
Topical term or geographic name entry element Microwave circuits
General subdivision Computer-aided design.
9 (RLIN) 90085
906 ## - LOCAL DATA ELEMENT F, LDF (RLIN)
a 7
b cbc
c orignew
d 1
e ecip
f 20
g y-gencatlg
942 ## - ADDED ENTRY ELEMENTS (KOHA)
Source of classification or shelving scheme
Koha item type Book
Holdings
Withdrawn status Lost status Source of classification or shelving scheme Damaged status Not for loan Permanent Location Current Location Shelving location Date acquired Source of acquisition Total Checkouts Full call number Barcode Date last seen Price effective from Koha item type
          Central Library (CL) Central Library (CL) Electrical Engineering 03/01/2022 Progressive International Agencies   621.38132 YEO CL-980 03/01/2022 03/01/2022 Book
© 2023 Central Library, National University of Sciences and Technology. All Rights Reserved.